00948 2200325 4500001002100000005001500021035002000036007000300056008004100059020002200100082001500122084001700137100003800154245008100192250002000273300002900293650001300322700002900335504003300364264003000397336002100427337003000448338002300478040002200501090002100523090002200544850001200566999002200578990002200600INLIS00000000085471320200303112224 a0010-0320000040ta200303s2019 yoi g | ind d a978-979-21-6327-804223a231.73 a231.73 JUS m0 aJusuf Haries KelelufnaePengarang10aMukjizat sebagai penanda /cJusuf Haries Kelelufna; penyunting, Rosa De Lima aCetakan pertama aix, 165 halaman ;c21 cm 4aMukjizat0 aRosa De LimaePenyunting aBibliografi: halaman 157-16531aSleman :bKanisius,c2019 2rdacontentateks 2rdamediaatanpa perantara 2rdacarrieravolume aYOPDYOGbinderda aDEP 231.73 JUS m aCB-D.11 2019-2203 aYOPDYOG aCB-D.11/2019-2203 aCB-D.11/2019-2203